The Amazing wold of Gumball (Record no. 45578)
[ view plain ]
| 000 -Etiqueta do registo | |
|---|---|
| Valores | 00418nam a2200157 4500 |
| 100 ## - Dados gerais de processamento | |
| Dados gerais | 20260127 pory50 |
| 101 ## - Língua de publicação | |
| Língua | por |
| 102 ## - País de publicação | |
| País | PT |
| 200 ## - Titulo e menção de responsabilidade | |
| Título próprio | The Amazing wold of Gumball |
| Informação de outro título | procura e encontra |
| Primeira menção de responsabilidade | Turner Broadcasting Sytem Europe |
| 210 ## - Publicação | |
| Local de publicação | [S.l.] |
| Nome do editor | Goody S.A. |
| -- | imp. Printer |
| Data de publicação | [D.L. 2016] |
| 215 ## - Descrição física | |
| Paginação / Volumes | 29, [2] p. |
| Outras indicações físicas | il. |
| 675 ## - CDU | |
| Notação | 087.5 |
| 801 ## - Fonte de origem | |
| País | PT |
| Regras de catalogação | RPC |
| 990 ## - Elementos KOHA | |
| Tipo de documento | Livro |
| Aquisição | Empréstimo | Código de barras | Cota | Permissão de empréstimo | Tipo de documento |
|---|---|---|---|---|---|
| Biblioteca do Centro Lúdico de Redondo | Biblioteca do Centro Lúdico de Redondo | 056291 | 087.5 TUR | Livro |